Medagliere Olimpiadi estive Rio 2016 - Statistics

Statistiche generali
  • Questo quiz è stato fatto 24 volte
  • Il punteggio medio è 10 su 10
Statistiche sulle risposte
Medaglie d'Oro Medaglie d'Argento Medaglie di Bronzo Medaglie complessive Rappresentativa olimpica % Corretto
26 18 26 70 Cina
100%
10 18 14 42 Francia
100%
8 12 8 28 Italia
100%
46 37 38 121 Stati Uniti
100%
8 11 10 29 Australia
95%
17 10 15 42 Germania
95%
12 8 21 41 Giappone
95%
19 18 19 56 Russia
95%
27 23 17 67 Gran Bretagna
91%
4 3 15 22 Canada
82%
Nessun quiz corrispondente trovato
Distribuzione punteggi
Percentuale di utenti per punteggio
Percentile per numero di risposta
I tuoi punteggi nel tempo
Non hai fatto questo quiz